<?xml version="1.0" encoding="UTF-8"?>
<record
    xmlns:xsi="http://www.w3.org/2001/XMLSchema-instance"
    xsi:schemaLocation="http://www.loc.gov/MARC21/slim http://www.loc.gov/standards/marcxml/schema/MARC21slim.xsd"
    xmlns="http://www.loc.gov/MARC21/slim">

  <leader>03040nam a22003015a 4500</leader>
  <controlfield tag="003">OSt</controlfield>
  <controlfield tag="005">20170221122019.0</controlfield>
  <controlfield tag="008">161220s2011    ua     frb    000 0 ara d</controlfield>
  <datafield tag="015" ind1=" " ind2=" ">
    <subfield code="a">2009/2142</subfield>
  </datafield>
  <datafield tag="020" ind1=" " ind2=" ">
    <subfield code="a">9789770459285</subfield>
  </datafield>
  <datafield tag="040" ind1=" " ind2=" ">
    <subfield code="a">EG-ScBUE</subfield>
    <subfield code="b">ara</subfield>
    <subfield code="c">EG-ScBUE</subfield>
  </datafield>
  <datafield tag="043" ind1=" " ind2=" ">
    <subfield code="a">f-ua---</subfield>
  </datafield>
  <datafield tag="082" ind1="0" ind2="4">
    <subfield code="a">342.62083</subfield>
    <subfield code="b">&#x632; &#x645; &#x632;</subfield>
    <subfield code="2">22</subfield>
  </datafield>
  <datafield tag="100" ind1="1" ind2=" ">
    <subfield code="a">&#x632;&#x645;&#x632;&#x645;&#x60C; &#x639;&#x628;&#x62F; &#x627;&#x644;&#x645;&#x646;&#x639;&#x645;.</subfield>
  </datafield>
  <datafield tag="245" ind1="1" ind2="0">
    <subfield code="a">&#x623;&#x62D;&#x643;&#x627;&#x645; &#x627;&#x644;&#x62C;&#x646;&#x633;&#x64A;&#x629; &#x641;&#x64A; &#x627;&#x644;&#x642;&#x627;&#x646;&#x648;&#x646; &#x627;&#x644;&#x62F;&#x648;&#x644;&#x64A; &#x648;&#x627;&#x644;&#x642;&#x627;&#x646;&#x648;&#x646; &#x627;&#x644;&#x645;&#x635;&#x631;&#x64A; &#x627;&#x644;&#x645;&#x642;&#x627;&#x631;&#x646; /</subfield>
    <subfield code="c">&#x639;&#x628;&#x62F; &#x627;&#x644;&#x645;&#x646;&#x639;&#x645; &#x632;&#x645;&#x632;&#x645;.</subfield>
  </datafield>
  <datafield tag="260" ind1=" " ind2=" ">
    <subfield code="a">&#x627;&#x644;&#x642;&#x627;&#x647;&#x631;&#x629; :</subfield>
    <subfield code="b">&#x62F;&#x627;&#x631; &#x627;&#x644;&#x646;&#x647;&#x636;&#x629; &#x627;&#x644;&#x639;&#x631;&#x628;&#x64A;&#x629;&#x60C;</subfield>
    <subfield code="c">2011.</subfield>
  </datafield>
  <datafield tag="300" ind1=" " ind2=" ">
    <subfield code="a">501 &#x635;. &#x61B;</subfield>
    <subfield code="c">24 &#x633;&#x645;.</subfield>
  </datafield>
  <datafield tag="504" ind1=" " ind2=" ">
    <subfield code="a">&#x64A;&#x634;&#x62A;&#x645;&#x644; &#x639;&#x644;&#x649; &#x625;&#x631;&#x62C;&#x627;&#x639;&#x627;&#x62A; &#x628;&#x628;&#x644;&#x64A;&#x648;&#x62C;&#x631;&#x627;&#x641;&#x64A;&#x629;.</subfield>
  </datafield>
  <datafield tag="505" ind1="0" ind2=" ">
    <subfield code="a">&#x645;&#x627;&#x647;&#x64A;&#x629; &#x627;&#x644;&#x62C;&#x646;&#x633;&#x64A;&#x629; - &#x645;&#x631;&#x643;&#x632; &#x642;&#x627;&#x646;&#x648;&#x646; &#x627;&#x644;&#x62C;&#x646;&#x633;&#x64A;&#x629; &#x628;&#x64A;&#x646; &#x641;&#x631;&#x648;&#x639; &#x627;&#x644;&#x642;&#x627;&#x646;&#x648;&#x646; - &#x627;&#x644;&#x62C;&#x646;&#x633;&#x64A;&#x629; &#x627;&#x644;&#x623;&#x635;&#x64A;&#x644;&#x629; &#x641;&#x64A; &#x627;&#x644;&#x642;&#x627;&#x646;&#x648;&#x646; &#x627;&#x644;&#x62F;&#x648;&#x644;&#x64A; : &#x62D;&#x642; &#x627;&#x644;&#x62F;&#x645; - &#x62D;&#x642; &#x627;&#x644;&#x625;&#x642;&#x644;&#x64A;&#x645; - &#x627;&#x644;&#x62C;&#x646;&#x633;&#x64A;&#x629; &#x627;&#x644;&#x623;&#x635;&#x64A;&#x644;&#x629; &#x641;&#x64A; &#x627;&#x644;&#x642;&#x627;&#x646;&#x648;&#x646; &#x627;&#x644;&#x645;&#x635;&#x631;&#x64A; : &#x62D;&#x642; &#x627;&#x644;&#x62F;&#x645; &#x645;&#x646; &#x646;&#x627;&#x62D;&#x64A;&#x629; &#x627;&#x644;&#x623;&#x628;&#x648;&#x64A;&#x646; - &#x62A;&#x62D;&#x62F;&#x64A;&#x62F; &#x627;&#x644;&#x645;&#x635;&#x631;&#x64A;&#x64A;&#x646; &#x627;&#x644;&#x623;&#x635;&#x648;&#x644; - &#x623;&#x628;&#x646;&#x627;&#x621; &#x627;&#x644;&#x623;&#x645; &#x627;&#x644;&#x645;&#x635;&#x631;&#x64A;&#x629; &#x627;&#x644;&#x645;&#x648;&#x644;&#x648;&#x62F;&#x648;&#x646; &#x642;&#x628;&#x644; 15 &#x64A;&#x648;&#x644;&#x64A;&#x648; 2004 : &#x62A;&#x62C;&#x646;&#x633; &#x645;&#x646; &#x646;&#x648;&#x639; &#x62E;&#x627;&#x635; - &#x627;&#x643;&#x62A;&#x633;&#x627;&#x628; &#x627;&#x644;&#x62C;&#x646;&#x633;&#x64A;&#x629; &#x627;&#x644;&#x637;&#x627;&#x631;&#x626;&#x629; : &#x627;&#x644;&#x62A;&#x62C;&#x646;&#x633; &#x627;&#x644;&#x639;&#x627;&#x62F;&#x64A; - &#x627;&#x644;&#x62A;&#x62C;&#x646;&#x633; &#x627;&#x644;&#x645;&#x637;&#x644;&#x642; &#x645;&#x646; &#x627;&#x644;&#x634;&#x631;&#x648;&#x637; - &#x627;&#x644;&#x645;&#x64A;&#x644;&#x627;&#x62F; &#x627;&#x644;&#x645;&#x62F;&#x639;&#x645; &#x628;&#x627;&#x644;&#x625;&#x642;&#x627;&#x645;&#x629; - &#x627;&#x644;&#x645;&#x64A;&#x644;&#x627;&#x62F; &#x627;&#x644;&#x645;&#x636;&#x627;&#x639;&#x641; - &#x627;&#x644;&#x632;&#x648;&#x627;&#x62C; &#x627;&#x644;&#x645;&#x62E;&#x62A;&#x644;&#x637; - &#x627;&#x644;&#x636;&#x645; &#x648;&#x627;&#x644;&#x627;&#x646;&#x62F;&#x645;&#x627;&#x62C; &#x648;&#x627;&#x633;&#x62A;&#x642;&#x644;&#x627;&#x644; &#x627;&#x644;&#x625;&#x642;&#x644;&#x64A;&#x645; - &#x641;&#x642;&#x62F; &#x627;&#x644;&#x62C;&#x646;&#x633;&#x64A;&#x629; : &#x62A;&#x63A;&#x64A;&#x64A;&#x631; &#x627;&#x644;&#x62C;&#x646;&#x633;&#x64A;&#x629; - &#x627;&#x644;&#x645;&#x635;&#x631;&#x64A;&#x648;&#x646; &#x641;&#x64A; &#x627;&#x644;&#x645;&#x647;&#x62C;&#x631; - &#x627;&#x644;&#x62A;&#x62C;&#x631;&#x64A;&#x62F; &#x645;&#x646; &#x627;&#x644;&#x62C;&#x646;&#x633;&#x64A;&#x629; - &#x633;&#x62D;&#x628; &#x627;&#x644;&#x62C;&#x646;&#x633;&#x64A;&#x629; - &#x625;&#x633;&#x642;&#x627;&#x637; &#x627;&#x644;&#x62C;&#x646;&#x633;&#x64A;&#x629; - &#x625;&#x633;&#x642;&#x627;&#x637; &#x627;&#x644;&#x62C;&#x646;&#x633;&#x64A;&#x629; &#x639;&#x646; &#x627;&#x644;&#x645;&#x635;&#x631;&#x64A; &#x627;&#x644;&#x645;&#x62A;&#x632;&#x648;&#x62C; &#x645;&#x646; &#x625;&#x633;&#x631;&#x627;&#x626;&#x64A;&#x644;&#x64A;&#x629; &#x648;&#x627;&#x62C;&#x628; &#x62F;&#x633;&#x62A;&#x648;&#x631;&#x64A; - &#x627;&#x644;&#x639;&#x648;&#x62F;&#x629; &#x625;&#x644;&#x649; &#x627;&#x644;&#x62C;&#x646;&#x633;&#x64A;&#x629; : &#x627;&#x644;&#x627;&#x633;&#x62A;&#x631;&#x62F;&#x627;&#x62F; &#x627;&#x644;&#x648;&#x62C;&#x648;&#x628;&#x64A; - &#x627;&#x644;&#x627;&#x633;&#x62A;&#x631;&#x62F;&#x627;&#x62F; &#x627;&#x644;&#x62C;&#x648;&#x627;&#x632;&#x64A; - &#x631;&#x62F; &#x627;&#x644;&#x62C;&#x646;&#x633;&#x64A;&#x629; : &#x631;&#x62F; &#x627;&#x644;&#x62C;&#x646;&#x633;&#x64A;&#x629; &#x628;&#x648;&#x627;&#x633;&#x637;&#x629; &#x631;&#x626;&#x64A;&#x633; &#x627;&#x644;&#x62C;&#x645;&#x647;&#x648;&#x631;&#x64A;&#x629; - &#x631;&#x62F; &#x627;&#x644;&#x62C;&#x646;&#x633;&#x64A;&#x629; &#x628;&#x648;&#x627;&#x633;&#x637;&#x629; &#x648;&#x632;&#x64A;&#x631; &#x627;&#x644;&#x62F;&#x627;&#x62E;&#x644;&#x64A;&#x629; - &#x631;&#x62F; &#x627;&#x644;&#x62C;&#x646;&#x633;&#x64A;&#x629; &#x644;&#x644;&#x645;&#x647;&#x627;&#x62C;&#x631; &#x647;&#x62C;&#x631;&#x629; &#x62F;&#x627;&#x626;&#x645;&#x629; - &#x645;&#x634;&#x643;&#x644;&#x627;&#x62A; &#x627;&#x644;&#x62C;&#x646;&#x633;&#x64A;&#x629; : &#x627;&#x632;&#x62F;&#x648;&#x627;&#x62C; &#x627;&#x644;&#x62C;&#x646;&#x633;&#x64A;&#x629; - &#x627;&#x646;&#x639;&#x62F;&#x627;&#x645; &#x627;&#x644;&#x62C;&#x646;&#x633;&#x64A;&#x629; - &#x645;&#x646;&#x627;&#x632;&#x639;&#x627;&#x62A; &#x627;&#x644;&#x62C;&#x646;&#x633;&#x64A;&#x629; : &#x627;&#x644;&#x627;&#x62E;&#x62A;&#x635;&#x627;&#x635; &#x627;&#x644;&#x642;&#x636;&#x627;&#x626;&#x64A; &#x628;&#x645;&#x646;&#x627;&#x632;&#x639;&#x627;&#x62A; &#x627;&#x644;&#x62C;&#x646;&#x633;&#x64A;&#x629; - &#x625;&#x62B;&#x628;&#x627;&#x62A; &#x627;&#x644;&#x62C;&#x646;&#x633;&#x64A;&#x629; : &#x639;&#x628;&#x621; &#x627;&#x644;&#x625;&#x62B;&#x628;&#x627;&#x62A; - &#x627;&#x644;&#x62D;&#x627;&#x644;&#x629; &#x627;&#x644;&#x638;&#x627;&#x647;&#x631;&#x629; - &#x634;&#x647;&#x627;&#x62F;&#x629; &#x627;&#x644;&#x62C;&#x646;&#x633;&#x64A;&#x629; - &#x62D;&#x62C;&#x64A;&#x629; &#x627;&#x644;&#x623;&#x62D;&#x643;&#x627;&#x645; &#x627;&#x644;&#x635;&#x627;&#x62F;&#x631;&#x629; &#x641;&#x64A; &#x645;&#x633;&#x627;&#x626;&#x644; &#x627;&#x644;&#x62C;&#x646;&#x633;&#x64A;&#x629; - &#x627;&#x644;&#x62C;&#x646;&#x633;&#x64A;&#x629; &#x641;&#x64A; &#x627;&#x644;&#x634;&#x631;&#x64A;&#x639;&#x629; &#x627;&#x644;&#x625;&#x633;&#x644;&#x627;&#x645;&#x64A;&#x629; - &#x647;&#x644; &#x627;&#x644;&#x625;&#x633;&#x644;&#x627;&#x645; &#x62F;&#x64A;&#x646; &#x648;&#x62C;&#x646;&#x633;&#x64A;&#x629; &#x61F; - &#x62C;&#x646;&#x633;&#x64A;&#x629; &#x627;&#x644;&#x623;&#x634;&#x62E;&#x627;&#x635; &#x627;&#x644;&#x627;&#x639;&#x62A;&#x628;&#x627;&#x631;&#x64A;&#x629;.</subfield>
  </datafield>
  <datafield tag="650" ind1=" " ind2="7">
    <subfield code="a">&#x627;&#x644;&#x62C;&#x646;&#x633;&#x64A;&#x629;</subfield>
    <subfield code="x">&#x642;&#x648;&#x627;&#x646;&#x64A;&#x646; &#x648;&#x62A;&#x634;&#x631;&#x64A;&#x639;&#x627;&#x62A;</subfield>
    <subfield code="z">&#x645;&#x635;&#x631;.</subfield>
    <subfield code="2">BUEsh</subfield>
  </datafield>
  <datafield tag="650" ind1=" " ind2="7">
    <subfield code="a">&#x627;&#x644;&#x645;&#x648;&#x627;&#x637;&#x646;&#x629;</subfield>
    <subfield code="x">&#x642;&#x648;&#x627;&#x646;&#x64A;&#x646; &#x648;&#x62A;&#x634;&#x631;&#x64A;&#x639;&#x627;&#x62A;</subfield>
    <subfield code="z">&#x645;&#x635;&#x631;.</subfield>
    <subfield code="2">BUEsh</subfield>
  </datafield>
  <datafield tag="650" ind1=" " ind2="7">
    <subfield code="a">&#x627;&#x644;&#x623;&#x62C;&#x627;&#x646;&#x628;</subfield>
    <subfield code="x">&#x648;&#x636;&#x639; &#x642;&#x627;&#x646;&#x648;&#x646;&#x64A;&#x60C; &#x642;&#x648;&#x627;&#x646;&#x64A;&#x646;&#x60C; &#x625;&#x644;&#x62E;.</subfield>
    <subfield code="z">&#x645;&#x635;&#x631;.</subfield>
    <subfield code="2">BUEsh</subfield>
  </datafield>
  <datafield tag="650" ind1=" " ind2="7">
    <subfield code="a">&#x627;&#x644;&#x62C;&#x646;&#x633;&#x64A;&#x629; (&#x642;&#x627;&#x646;&#x648;&#x646; &#x62F;&#x648;&#x644;&#x64A;)</subfield>
    <subfield code="2">BUEsh</subfield>
  </datafield>
  <datafield tag="650" ind1=" " ind2="7">
    <subfield code="a">&#x627;&#x644;&#x62C;&#x646;&#x633;&#x64A;&#x629; (&#x641;&#x642;&#x647; &#x625;&#x633;&#x644;&#x627;&#x645;&#x64A;)</subfield>
    <subfield code="2">BUEsh</subfield>
  </datafield>
  <datafield tag="651" ind1=" " ind2=" ">
    <subfield code="2">BUEsh</subfield>
  </datafield>
  <datafield tag="653" ind1=" " ind2=" ">
    <subfield code="b">LLAAWW</subfield>
    <subfield code="c">December2016</subfield>
  </datafield>
  <datafield tag="942" ind1=" " ind2=" ">
    <subfield code="2">ddc</subfield>
  </datafield>
  <datafield tag="999" ind1=" " ind2=" ">
    <subfield code="c">23657</subfield>
    <subfield code="d">23629</subfield>
  </datafield>
  <datafield tag="952" ind1=" " ind2=" ">
    <subfield code="0">0</subfield>
    <subfield code="1">0</subfield>
    <subfield code="2">ddc</subfield>
    <subfield code="4">0</subfield>
    <subfield code="7">0</subfield>
    <subfield code="8">DarN.AR.</subfield>
    <subfield code="a">MAIN</subfield>
    <subfield code="b">MAIN</subfield>
    <subfield code="c">1ST</subfield>
    <subfield code="d">2017-02-21</subfield>
    <subfield code="e">Purchase</subfield>
    <subfield code="g">85.00</subfield>
    <subfield code="h">2815</subfield>
    <subfield code="o">342.62083 &#x632; &#x645; &#x632;</subfield>
    <subfield code="p">000041192</subfield>
    <subfield code="q">2024-03-20</subfield>
    <subfield code="r">2023-02-09 00:00:00</subfield>
    <subfield code="s">2023-02-09</subfield>
    <subfield code="v">106.25</subfield>
    <subfield code="y">BB</subfield>
  </datafield>
</record>
